000 00398nam a2200145Ia 4500
008 150201s2007 xx 000 0 und d
082 _a612.015
_bM2007N
100 _aNAYAKSHIVNANDA
245 _aMANIPAL TEXT BOOK OF BIOCHEMISTRY FOR DENTAL STUDENTS
250 _a1ST
260 _bC.B.S PUBLISHERS & DISTRIBUTERS
_aDELHI
_c2007
300 _a1-217
650 _aBIOCHEMISTRY
942 _2ddc
_cBK
_01
999 _c3685
_d3685